Youth Sport and Spirituality (Record no. 123810)
[ view plain ]
| 000 -LEADER | |
|---|---|
| fixed length control field | 00594nam a22001697a 4500 |
| 008 - FIXED-LENGTH DATA ELEMENTS--GENERAL INFORMATION | |
| fixed length control field | 151119b xxu||||| |||| 00| 0 eng d |
| 020 ## - INTERNATIONAL STANDARD BOOK NUMBER | |
| International Standard Book Number | 9780268012359 |
| 050 ## - LIBRARY OF CONGRESS CALL NUMBER | |
| Classification number | GV706.42.Y68 2015 |
| 245 ## - TITLE STATEMENT | |
| Title | Youth Sport and Spirituality |
| Remainder of title | Catholic perspectives |
| Statement of responsibility, etc | Patrick Kelly ed. |
| 300 ## - PHYSICAL DESCRIPTION | |
| Extent | viii, 308p. ; |
| Dimensions | 23cm. |
| 650 ## - SUBJECT ADDED ENTRY--TOPICAL TERM | |
| Topical term or geographic name as entry element | Sports |
| General subdivision | Religious aspects |
| -- | Catholic Church |
| 9 (RLIN) | 21154 |
| 650 ## - SUBJECT ADDED ENTRY--TOPICAL TERM | |
| Topical term or geographic name as entry element | Athletes |
| General subdivision | Religious life |
| 9 (RLIN) | 21155 |
| 650 ## - SUBJECT ADDED ENTRY--TOPICAL TERM | |
| Topical term or geographic name as entry element | Sports |
| General subdivision | Psychological aspects |
| 9 (RLIN) | 21156 |
| 650 ## - SUBJECT ADDED ENTRY--TOPICAL TERM | |
| Topical term or geographic name as entry element | Sports |
| General subdivision | Sociological aspects |
| 9 (RLIN) | 21157 |
| 700 ## - ADDED ENTRY--PERSONAL NAME | |
| Personal name | Kelly, Patrick editor |
| 9 (RLIN) | 21158 |
| 942 ## - ADDED ENTRY ELEMENTS (KOHA) | |
| Source of classification or shelving scheme | Library of Congress Classification |
| Item type | Monograph ( Printed materials) |
| Withdrawn status | Lost status | Source of classification or shelving scheme | Damaged status | Not for loan | Collection code | Home library | Current library | Shelving location | Date acquired | Total Checkouts | Full call number | Barcode | Date last seen | Date last borrowed | Price effective from | Koha item type |
|---|---|---|---|---|---|---|---|---|---|---|---|---|---|---|---|---|
| Library of Congress Classification | Main Collection | ARRUPE LIBRARY | ARRUPE LIBRARY | Main Collection | 19/11/2015 | 7 | GV706.42.Y68 2015 | 46500005571 | 11/03/2020 | 14/02/2020 | 19/11/2015 | Monograph ( Printed materials) |